| 000 | 00579cam a2200229 4500 | ||
|---|---|---|---|
| 005 | 20260322212042.0 | ||
| 008 | data | ||
| 010 | _a67-17681 | ||
| 040 |
_aDNLM _cDNLM |
||
| 041 | 0 | 9 | _aeng |
| 060 | 0 | 0 |
_aBF 697 _bE68i 1968 |
| 090 | _aBF 697 E68 1968 | ||
| 100 | 1 |
_aErikson, Erik H. _d1902-1994. _q(Erik Homburger), |
|
| 245 | 1 | 0 |
_aIdentity, youth, and crisis/ _cErik H. Erikson. |
| 250 | _a[1st ed.] | ||
| 260 |
_aNew York, _bNorton _c[c1968] |
||
| 300 | _a336 p. | ||
| 500 | _aIncludes bibliography. | ||
| 650 | 2 | _aIdentification (Psychology) | |
| 655 | 2 | _aEssays | |
| 001 | data | ||
| 999 |
_c1000 _d1000 |
||